000 00644nam a2200277Ia 4500
005 20260324125134.0
008 008 260324s9999 xx 000 0 eng d
020 _a9780429119156
037 _aEBOOK
040 _aCRL
040 _beng
040 _cCRL
041 _2eng
041 _aeng
084 _qCRL
100 _aJohnson I Agbinya
_91176843
245 0 _aIP Communications and Services for NGN
260 _bTaylor and Francis
260 _c2009
365 _a
365 _b260
856 _uhttp://www.taylorfrancis.com/books/9780429119156
942 _cEBOOK
999 _c1771826
_d1771826